Česko-ruský slovník /

Uloženo v:
Podrobná bibliografie
Hlavní autor: Horálek, Karel 1908-1992
Médium: Kniha
Jazyk:čeština
ruština
Vydáno: Praha : Státní pedagogické nakladatelství, 1958
Vydání:[1. vyd.]
On-line přístup: Získat plný text
Tagy: Přidat tag
Žádné tagy, Buďte první, kdo vytvoří štítek k tomuto záznamu!

MARC

LEADER 00000cam a2200000 4500
003 SK-BrCVT
005 20220621160226.0
008 060215s1958 cs e ||||||cze d
035 |a CVTIDW1203216 
040 |b slo  |a CVTI SR  |e AACR2 
041 0 |a cze  |a rus 
044 |a cs 
080 |a 801.323.2  |2 UDC-MRF 
100 1 |a Horálek, Karel  |d 1908-1992,  |9 13776 
245 1 0 |a Česko-ruský slovník /  |c Zpracoval: K. Horálek ... [et al.] 
250 |a [1. vyd.] 
260 |a Praha :  |b Státní pedagogické nakladatelství,  |c 1958 
300 |a 13, 1302 s. 
692 |a ZH DP  |j JM MM 
910 |b A053175  |b A053176 
974 |f Knihy 
992 |a ASL 
999 |c 130493  |d 130493